| 000 | 00359nam a2200145 a 4500 | ||
|---|---|---|---|
| 001 | 2166 | ||
| 003 | CDMR | ||
| 005 | 20131203132239.0 | ||
| 008 | 130130s1967||||||||||||||||||||||||||||d | ||
| 040 |
_aCDMR _bcat _cCPC GIRONA |
||
| 245 | 0 | 3 |
_aLa opinión pública y propaganda _cK. Young |
| 260 |
_c1967 _bPaidós |
||
| 700 | 1 |
_91613 _aYoung, Kimball |
|
| 942 |
_cMON _2udc |
||
| 999 |
_c2166 _d2166 |
||